000
00278nam a22001217a 4500
008
170606b xxu||||| |||| 00| 0 eng d
041
_a
eng
080
_a
94
100
_a
18
101
_a
SHH
245
_a
PERSPECTIVES READINGS ON CONTEMPORARY
_c
SASS.CH.R
942
_2
udc
_c
BK
999
_c
16134
_d
16134